100 đề tài khám phá khoa học và khám phá xã hội dành cho trẻ mẫu giáo Tập 3

Đã lưu trong:
书目详细资料
主要作者: Tâm Thanh
格式: 图书
出版: H. Giáo dục 2009
标签: 添加标签
没有标签, 成为第一个标记此记录!
Thư viện lưu trữ: Trung tâm Học liệu Lê Vũ Hùng, Trường Đại học Đồng Tháp
LEADER 00606pam a22001698a 4500
001 00037819
005 20171026081025.0
008 170514s2009 ||||||Viesd
041 0 # |a Vie 
082 1 # |a 372.21  |b M458Tr 
100 0 # |a Tâm Thanh 
245 0 0 |a 100 đề tài khám phá khoa học và khám phá xã hội dành cho trẻ mẫu giáo  |c Tâm Thanh, Thanh Hà  |n Tập 3 
260 # # |a H.  |b Giáo dục  |c 2009 
300 # # |a 179 tr.  |c 24 cm 
852 # # |b Kho đọc  |j KD.10000607 
910 |d 14/05/2017 
980 # # |a Trung tâm Học liệu Lê Vũ Hùng, Trường Đại học Đồng Tháp